00486nam a2200133 i 4500001000700000003000900007005001700016008004100033245012700074260006300201300002100264650004300285852002400328185037ES-MaACL20230906222332.0160308s1918 be |||| | fre d03aLa politique économique de l'Allemagne en Belgique occupée b: un document écrasant pour l'administration allemande. aLe Havre : bÉd. du "Bureau Documentaire Belge", c1918. a15 p. ; c23 cm. 4aGuerra mundial, 1914-1918-zBélgica. aES-MaACLj1565-F-16